00640nam a2200121Ia 4500008004100000020001800041100002200059245013900081260003500220650020700255650001200462856004400474171212s9999 xx 000 0 und d a9780813540405 aFowler, Josephine cFowler, JosephineaJapanese and Chinese Immigrant ActivistsbOrganizing in American and International Communist Movements, 1919–1933 bRutgers University Pressc2007 aCommunist Party of the United States of America -- History; Japanese Americans -- Politics and government; Chinese Americans -- Politics and government; Immigrants -- United States -- Political activity aHistory uhttp://www.jstor.org/stable/j.ctt5hj7ms